000 00521nam a2200193 a 4500
001 1775557788430
003 YourLibrary
005 20260407160212.0
008 260407s2008##################000#0#eng##
020 _a9788185902999
082 0 4 _a348.54046
_bSET
100 1 _aSethi, R. P.,
_eauthor.
245 1 0 _aSupreme Court on Words and Phrases, 1950-2008 :
260 _c2008.
300 _a1479 pages
650 0 _aAnnotations and citations (Law).
942 _cENGLISH
040 _aYourLibrary
_beng
_cYourLibrary
999 _c619068
_d619068